Normal view
MARC view
- Saad Ullah
Entry Personal Name
001 - CONTROL NUMBER
- control field: 15608
003 - CONTROL NUMBER IDENTIFIER
- control field: NUST
005 - DATE AND TIME OF LATEST TRANSACTION
- control field: 20190626071609.0
008 - FIXED-LENGTH DATA ELEMENTS
- fixed length control field: 190626|| aca||aabn | a|a d
040 ## - CATALOGING SOURCE
- Original cataloging agency: NUST
- Transcribing agency: NUST
100 ## - HEADING--PERSONAL NAME
- Personal name: Saad Ullah
670 ## - SOURCE DATA FOUND
- Source citation: Work cat.: (NUST): Saad Ullah, Linear Quadratic Sampled-Data Segulation Based On Realizable Reconstruction Filter/, 2015.
